000 01114nam a22002417a 4500
010 _aB-082448
020 _c200.00
035 _aB-082448
037 _aCen Lib / Ret
040 _aDPL
_bPN
082 _2302
_aਦਿਓਲ
100 _aਦਿਓਲ, ਹਰਭਜਨ ਸਿੰਘ
_9132639
245 _aਰਾਸ਼ਟਰੀ ਏਕਤਾ :
_bਸਮੱਸਿਆ ਅਤੇ ਸਮਾਧਾਨ /
246 _aRashtri ekta (samasia ate samadhan) : Punjabi /
_bedited by Harbhajan Singh Deol
260 _aਪਟਿਆਲਾ
_b ਪਬਲੀਕੇਸ਼ਨ ਬਿਊਰੋ ਪੰਜਾਬ ਯੂਨੀਵਰਸਿਟੀ
_c2002
270 _a ਪਬਲੀਕੇਸ਼ਨ ਬਿਊਰੋ ਪੰਜਾਬ ਯੂਨੀਵਰਸਿਟੀ
_bਪਟਿਆਲਾ
300 _a194p
_b24cm(hb)
650 _aਨਸਲੀ ਸੰਬੰਧ - ਸਿਆਸੀ ਪਹਿਲੂ.
_983582
650 _aEthnic relations -- Political aspects.
_931489
650 _aIndia -- Social policy.
_9132640
650 _aਭਾਰਤ - ਸੋਸ਼ਲ ਨੀਤੀ
_91180
942 _2ddc
_cPN
_h302
_mਦਿਓਲ
999 _c110994
_d110994